Vademécum : (Record no. 126351)

MARC details
000 -CABECERA
campo de control de longitud fija 00835nam a2200205 a 4500
005 - FECHA Y HORA DE LA ÚLTIMA TRANSACCIÓN
campo de control 20231123063621.0
008 - ELEMENTOS DE LONGITUD FIJA--INFORMACIÓN GENERAL
campo de control de longitud fija 080218s2002 mx r 000 0 spa d
020 ## - NÚMERO INTERNACIONAL NORMALIZADO PARA LIBROS
Número Internacional Estándar del Libro 970073286X
035 ## - NÚMERO DE CONTROL DEL SISTEMA
Número de control de sistema UPN01000154234
049 ## - COLECCIÓN
Colección CG
050 #4 - SIGNATURA TOPOGRÁFICA DE LA BIBLIOTECA DEL CONGRESO
Número de clasificación LA424
Número de documento/Ítem A8.9
100 1# - ASIENTO PRINCIPAL--NOMBRE PERSONAL
Nombre de persona Avitia Hernández, Antonio,
Fechas asociadas al nombre 1956-
9 (RLIN) 30147
245 10 - MENCIÓN DE TÍTULO
Título Vademécum :
Resto del título primaria mexicana : leyes, decretos, normas, acuerdos, reglamentos, lineamientos, planes, programas, organización, manuales, documentos e historia de la educación primaria en México /
Mención de responsabilidad, etc. Antonio Avitia Hernández.
260 ## - PUBLICACIÓN, DISTRIBUCIÓN, ETC.
Lugar de publicación, distribución, etc. México :
Nombre del editor, distribuidor, etc. Porrúa,
Fecha de publicación, distribución, etc. c2002.
300 ## - DESCRIPCIÓN FÍSICA
Extensión 568 p.
650 #7 - ASIENTO SECUNDARIO DE MATERIA - TERMINO TEMATICO
Término de materia o nombre geográfico como elemento de entrada Educación primaria
Subdivisión general Leyes y legislación
Subdivisión geográfica México
Fuente del encabezamiento o término
9 (RLIN) 9972
650 #4 - ASIENTO SECUNDARIO DE MATERIA - TERMINO TEMATICO
Término de materia o nombre geográfico como elemento de entrada Educación primaria
Subdivisión geográfica México
Subdivisión general Planes y programas
9 (RLIN) 9975
650 #4 - ASIENTO SECUNDARIO DE MATERIA - TERMINO TEMATICO
Término de materia o nombre geográfico como elemento de entrada Educación
Subdivisión geográfica México
Subdivisión general Historia
9 (RLIN) 187
905 ## - TIPO DE MATERIAL
Tipo de material Libro
Holdings
Estado de retiro Estado de pérdida Fuente del sistema de clasificación o colocación Estado dañado No para préstamo Código de colección Localización permanente Ubicación/localización actual Ubicación en estantería Total de préstamos Clasificación Código de barras Fecha visto por última vez Número de copia Tipo de ítem Koha
    Library of Congress Classification     Colección General Bib. Gregorio Torres Quintero Bib. Gregorio Torres Quintero Planta baja 9 LA424 A8.9 254438 31/12/2020 1 Libro
    Library of Congress Classification     Colección General Bib. Gregorio Torres Quintero Bib. Gregorio Torres Quintero Planta baja 18 LA424 A8.9 254439 31/12/2020 1 Libro